| 000 | 00679cam a2200181 4500500 | ||
|---|---|---|---|
| 005 | 20250921011731.0 | ||
| 041 | _afre | ||
| 042 | _adc | ||
| 100 | 1 | 0 |
_aBanégas, Frédéric _eauthor |
| 700 | 1 | 0 |
_a Chabrand, Patrick _eauthor |
| 700 | 1 | 0 |
_a Combes, Christèle _eauthor |
| 700 | 1 | 0 |
_a Lagarce, Frédéric _eauthor |
| 700 | 1 | 0 |
_a Lemoine, Thierry _eauthor |
| 700 | 1 | 0 |
_a Salgues, Bruno _eauthor |
| 245 | 0 | 0 | _aNanotechnologies et biotechnologies pour la santé |
| 260 |
_bTechniques de l'ingénieur,
_c2025. |
||
| 856 | 4 | 1 | _uhttps://shs.cairn.info/techniques-de-l-ingenieur-nanotechnologies-et-biotechnologies-pour-la-sante--42608210?lang=fr&redirect-ssocas=7080 |
| 999 |
_c1509225 _d1509225 |
||